| 000 | 00810nam a2200217Ia 4500 | ||
|---|---|---|---|
| 003 | GCL | ||
| 008 | 140319s9999 xx 000 0 ara d | ||
| 040 |
_aGCL / _cGCL |
||
| 082 | 0 | 4 |
_a361.4 _bن د |
| 100 | 1 | _aنصيف فهمى منقريوس | |
| 245 | 1 | 0 |
_aديناميات العمل مع الجماعات / _cنصيف فهمى منقريوس |
| 260 |
_aالقاهرة : _bمكتبة زهراء الشرق ، _c2004 |
||
| 300 |
_a423 ص ؛ _c24 سم |
||
| 490 |
_aسلسلة الجماعات الانسانية والتنمية البشرية _v12 |
||
| 650 | 0 | 4 | _aالتنمية الاجتماعية |
| 650 | 0 | 4 | _aالخدمة الاجتماعية |
| 650 | 0 | 4 | _aالعمل الجماعى |
| 650 | 0 | 4 | _aالتخطيط الاجتماعى |
| 650 | 0 | 4 | _aالتنمية البشرية |
| 942 |
_2ddc _cBK |
||
| 999 |
_c57139 _d57139 |
||